01167 2200325 4500001002100000005001500021035002000036007000300056008004100059040002200100100019500122245008600317300004000403504003300443020002200476082001700498084001900515090002200534250003500556264003200591336002100623337003000644338002300674650002400697700003500721700002900756850001200785999002200797990002200819INLIS00000000087657520230224113854 a0010-0223000443ta230222b2022 xx a g ind d aYOPDYOGbinderda aErpi RahmanePengarangeErpi RahmanePengarangeErpi RahmanePengarangeErpi RahmanePengarangeErpi RahmanePengarangeErpi RahmanePengarangeErpi RahmanePengarangeErpi RahmanePengarang10aAkuntansi manajemen /cErpi Rahman, Fahrul Alam Masruri; penyunting, Fanji Farman axii, 246 halaman :bgambar ;c23 cm aBibliografi: halaman 243-244 a978-623-02-5557-104223a658.1511 a658.1511 ERP a aCB-D.11 2022-2191 aCetakan pertama, November 202231aSleman :bDeepublish,c2022 2rdacontentateks 2rdamediaatanpa perantara 2rdacarrieravolume04aManajemen akuntansi0 aFahrul Alam MasruriePengarang0 aFanji FarmanePenyunting aYOPDYOG aCB-D.11/2022-2191 aCB-D.11/2022-2191